Statistics for 2016 Summer Olympics Medal Table top 15

Click here to take the quiz!

General Stats

  • This quiz has been taken 76 times
  • The average score is 10 of 15

Answer Stats

RankCountryGoldSilverBronze% Correct
1United States463738
100%
3China261826
92%
2Great Britain272317
89%
5Germany171015
86%
4Russia191819
79%
7France101814
78%
6Japan12821
75%
8South Korea939
70%
10Australia81110
68%
9Italy8128
62%
11Netherlands874
49%
13Brazil766
43%
12Hungary834
41%
14Spain747
32%
15Kenya661
22%

Score Distribution

Percentile by Number Answered

Percent of People with Each Score

Your Score History

You have not taken this quiz